[Event "Oberfranken-ch"]
[Site "Schney"]
[Date "2018.01.03"]
[Round "2.1"]
[White "Landmann, Bastian"]
[Black "Ebel, Maik"]
[Result "0-1"]
[WhiteElo "1242"]
[BlackElo "1312"]
[PlyCount "40"]
[EventDate "2018.01.03"]
[EventType "swiss"]
[EventRounds "7"]
[EventCountry "GER"]
[SourceTitle "EXT 2022"]
[Source "ChessBase"]
[SourceDate "2021.10.06"]
[SourceVersion "1"]
[SourceVersionDate "2021.10.06"]
[SourceQuality "1"]

1. e4 e5 2. Nf3 Nc6 3. Bc4 Bc5 4. Nc3 d6 5. d3 Nf6 6. Bg5 h6 7. Bxf6 Qxf6 8. Nd5 Qd8 9. 0-0 Bg4 10. c3 0-0 11. h3 Be6 12. b4 Bb6 13. Nxb6 axb6 14. Bxe6 fxe6 15. d4 exd4 16. Nxd4 Nxd4 17. Qxd4 Ra3 18. Rfd1 Qf6 19. Rac1 Rxa2 20. Qc4 Qxf2+ 0-1

[Event "Oberfranken-ch U14"]
[Site "Schney"]
[Date "2017.01.05"]
[Round "5.1"]
[White "Koehler, Lukas"]
[Black "Ebel, Maik"]
[Result "1-0"]
[WhiteElo "1755"]
[BlackElo "1325"]
[PlyCount "83"]
[EventDate "2017.01.03"]
[EventType "swiss"]
[EventRounds "7"]
[EventCountry "GER"]
[SourceTitle "EXT 2024"]
[Source "ChessBase"]
[SourceDate "2023.10.10"]
[SourceVersion "1"]
[SourceVersionDate "2023.10.10"]
[SourceQuality "1"]

1. e4 e5 2. Nf3 Nc6 3. Bc4 Nf6 4. Ng5 d5 5. exd5 Na5 6. Bb5+ c6 7. dxc6 bxc6 8. Bd3 Bd6 9. Nc3 h6 10. Nge4 Nxe4 11. Nxe4 Nb7 12. Nxd6+ Nxd6 13. 0-0 0-0 14. Re1 Re8 15. Bf1 Bf5 16. d3 Qb6 17. b3 Nb5 18. Bb2 e4 19. dxe4 Bxe4 20. Qg4 Bg6 21. c4 Nc7 22. Bd3 Qb4 23. Red1 h5 24. Qd4 Ne6 25. Qc3 Qxc3 26. Bxc3 Bxd3 27. Rxd3 Nf4 28. Rf3 Ne2+ 29. Kf1 Nxc3 30. Rxc3 Rad8 31. Re1 g5 32. Rxe8+ Rxe8 33. Re3 Re6 34. Rxe6 fxe6 35. Ke2 Kf7 36. Ke3 e5 37. Ke4 Kf6 38. f3 a5 39. c5 h4 40. g3 h3 41. g4 Ke6 42. a4 1-0

[Event "Oberfranken-ch U14"]
[Site "Schney"]
[Date "2017.01.03"]
[Round "2.2"]
[White "Ebel, Maik"]
[Black "Beetz, Robin"]
[Result "1/2-1/2"]
[WhiteElo "1325"]
[BlackElo "1199"]
[PlyCount "165"]
[EventDate "2017.01.03"]
[EventType "swiss"]
[EventRounds "7"]
[EventCountry "GER"]
[SourceTitle "EXT 2024"]
[Source "ChessBase"]
[SourceDate "2023.10.10"]
[SourceVersion "1"]
[SourceVersionDate "2023.10.10"]
[SourceQuality "1"]

1. d4 d5 2. c4 e6 3. Nc3 Nf6 4. Bg5 Be7 5. e3 Nc6 6. Nf3 0-0 7. a3 h6 8. Bh4 Bd7 9. Bxf6 Bxf6 10. cxd5 exd5 11. Nxd5 Bg4 12. Nxf6+ Qxf6 13. Be2 Rad8 14. h3 Bh5 15. Nd2 Bxe2 16. Qxe2 Rfe8 17. Rc1 Nxd4 18. Qg4 Ne6 19. Rc2 Re7 20. 0-0 Red7 21. Nb3 Qg5 22. Qxg5 Nxg5 23. Nc5 Rd2 24. Rfc1 b6 25. Na4 c5 26. Nc3 Rxc2 27. Rxc2 Kf8 28. f4 Nh7 29. Kf2 Ke7 30. g4 Kf6 31. Ne4+ Ke6 32. b4 cxb4 33. axb4 Nf6 34. Kf3 Nxe4 35. Kxe4 g6 36. f5+ gxf5+ 37. gxf5+ Kf6 38. Kf4 Kg7 39. Rc7 Ra8 40. b5 a5 41. bxa6 Rxa6 42. Rb7 Ra4+ 43. e4 Rb4 44. h4 Kf6 45. h5 Kg7 46. Ke5 Rb5+ 47. Kf4 Rb4 48. Rc7 Rb1 49. Rd7 Rf1+ 50. Ke5 b5 51. f6+ Rxf6 52. Rb7 Re6+ 53. Kd5 Kf6 54. Kd4 Re5 55. Rb6+ Re6 56. Rxb5 Rd6+ 57. Ke3 Rc6 58. Kf4 Rc4 59. Rb6+ Kg7 60. Kf5 Rc5+ 61. e5 Rc1 62. Rb4 Rh1 63. Kg4 Re1 64. Rb5 Rg1+ 65. Kh4 Rh1+ 66. Kg3 Rxh5 67. Kg4 Rg5+ 68. Kf4 f6 69. Rb7+ Kg6 70. Rb6 Rxe5 71. Rb1 Rf5+ 72. Ke4 h5 73. Rg1+ Rg5 74. Rh1 Rg4+ 75. Kf3 Kg5 76. Ke3 h4 77. Kf3 f5 78. Ra1 Rg3+ 79. Kf2 Kg4 80. Ra4+ f4 81. Ra8 h3 82. Rg8+ Kh4 83. Rh8+ 1/2-1/2